000
00318nam a2200121Ia 4500
005
20251222144742.0
008
251222s9999||||xx |||||||||||||| ||spa||
082
_a
346.017.8/U61
245
0
_a
Nuevas Tendencias en la Legislación de Adopción a Menores
250
_a
1
264
_b
Fondo Editorial PUCP
942
_c
LIB
999
_c
18998
_d
18998